LEADER 01586nam 2200337Ia 450 001 996387702103316 005 20200824132948.0 035 $a(CKB)4940000000084525 035 $a(EEBO)2240908308 035 $a(OCoLC)ocm23951633e 035 $a(OCoLC)23951633 035 $a(EXLCZ)994940000000084525 100 $a19910618d1630 uy | 101 0 $aeng 135 $aurbn||||a|bb| 200 10$aStrange and wonderfull news of a woman which lived neer unto the famous city of London$b[electronic resource] $ewho had her head torn off from her body by the Divell and her lymbs rent in peices and scattered about in the room where the mischief was done : which may serve to forewarn all proud and disloyall men and women to have a care how they behave themselves whilst they live in this sinfull world, that they fall not into the like temptations : the manner how shee made her bargain with the Divil, shee confest to some of her neighbors before her death : the tune is Summer time /$fL.P 210 $aLondon printed $cFor Fran. Grove on Snow-hill$d[ca. 1630] 215 $a1 broadside : ill 300 $aWithout music. 300 $aReproduction of original in the British Library. 330 $aeebo-0018 606 $aBallads, English 615 0$aBallads, English. 700 $aL. P$g(Laurence Price),$ffl. 1625-1680?$01001543 801 0$bEBK 801 1$bEBK 801 2$bWaOLN 906 $aBOOK 912 $a996387702103316 996 $aStrange and wonderfull news of a woman which lived neer unto the famous city of London$92414250 997 $aUNISA